[Event "FRA-ch Blitz Online Qual"]
[Site "Europe Echecs INT"]
[Date "2020.05.16"]
[Round "12"]
[White "Gherghinoiu, Lucas"]
[Black "Bouget, Alexandre"]
[Result "1-0"]
[WhiteElo "2089"]
[BlackElo "2238"]
[PlyCount "63"]
[EventDate "2020.05.16"]
[EventType "swiss (blitz)"]
[EventRounds "15"]
[EventCountry "FRA"]
[SourceTitle "CBM 196 Extra"]
[Source "ChessBase"]
[SourceDate "2020.07.31"]
[SourceVersion "1"]
[SourceVersionDate "2020.07.31"]
[SourceQuality "1"]

1. b3 e5 2. Bb2 Nc6 3. g3 g6 4. Bg2 Bg7 5. d3 d6 6. Nd2 Nge7 7. e3 0-0 8. Ne2 Be6 9. 0-0 Qd7 10. a3 Bh3 11. f4 Bxg2 12. Kxg2 Nf5 13. Rf3 Nxe3+ 14. Rxe3 exf4 15. Bxg7 fxe3 16. Bxf8 Rxf8 17. Ne4 f5 18. Ng5 Ne5 19. d4 Ng4 20. Nf4 Re8 21. Qe2 Re4 22. Nxe4 fxe4 23. h3 Nf6 24. Qxe3 Qc6 25. c4 b5 26. d5 Qa6 27. Qd4 Nd7 28. Qxe4 Ne5 29. Nd3 bxc4 30. Nxe5 dxe5 31. bxc4 Qxa3 32. Rxa3 1-0

[Event "FRA-ch Blitz Online Qual"]
[Site "Europe Echecs INT"]
[Date "2020.05.16"]
[Round "9"]
[White "Shirazi, Kamran"]
[Black "Gherghinoiu, Lucas"]
[Result "1-0"]
[WhiteElo "2355"]
[BlackElo "2089"]
[PlyCount "37"]
[EventDate "2020.05.16"]
[EventType "swiss (blitz)"]
[EventRounds "15"]
[EventCountry "FRA"]
[SourceTitle "CBM 196 Extra"]
[Source "ChessBase"]
[SourceDate "2020.07.31"]
[SourceVersion "1"]
[SourceVersionDate "2020.07.31"]
[SourceQuality "1"]

1. e4 c5 2. b4 b6 3. bxc5 bxc5 4. Nf3 Bb7 5. Nc3 e6 6. Rb1 Bc6 7. Ne5 Nf6 8. d4 Bxe4 9. Nxe4 Nxe4 10. Bd3 Qa5+ 11. Kf1 Nf6 12. Qf3 d5 13. Bb5+ Ke7 14. Bg5 a6 15. Bc6 h6 16. Rb7+ Kd8 17. Bxf6+ gxf6 18. Qxf6+ Kc8 19. Qxf7 1-0

[Event "Europe Echecs online op April"]
[Site "Europe Echecs INT"]
[Date "2020.04.11"]
[Round "4"]
[White "Devallee, Jeremie"]
[Black "Gherghinoiu, Lucas"]
[Result "1-0"]
[WhiteElo "2200"]
[BlackElo "2109"]
[PlyCount "53"]
[EventDate "2020.04.11"]
[EventType "swiss (blitz)"]
[EventRounds "11"]
[EventCountry "FRA"]
[SourceTitle "EXT 2021"]
[Source "ChessBase"]
[SourceDate "2020.10.23"]
[SourceVersion "1"]
[SourceVersionDate "2020.10.23"]
[SourceQuality "1"]

1. e4 c5 2. d4 cxd4 3. c3 d5 4. exd5 Qxd5 5. cxd4 Nc6 6. Nf3 e5 7. Nc3 Bb4 8. Bd2 Bxc3 9. Bxc3 e4 10. Ne5 Nxe5 11. dxe5 Ne7 12. Qe2 Bd7 13. Rd1 Qc6 14. Rd6 Qa4 15. Rd4 Qxa2 16. Qxe4 Bc6 17. Qg4 0-0 18. Bc4 Ng6 19. Bxa2 Nxe5 20. Qg3 Bb5 21. Qxe5 Rfe8 22. Qxe8+ Rxe8+ 23. Kd1 h5 24. Re1 Ba4+ 25. b3 Rc8 26. Kd2 Bb5 27. Re7 1-0

[Event "Murmansk ChessMates 4th"]
[Site "Murmansk"]
[Date "2020.03.15"]
[Round "5.3"]
[White "Poliato, Irina"]
[Black "Gherghinoiu, Lucas"]
[Result "1-0"]
[WhiteElo "1588"]
[BlackElo "2109"]
[PlyCount "101"]
[EventDate "2020.03.13"]
[EventType "team-tourn"]
[EventRounds "5"]
[EventCountry "RUS"]
[SourceTitle "CBM 195 Extra"]
[Source "ChessBase"]
[SourceDate "2020.05.31"]
[SourceVersion "1"]
[SourceVersionDate "2020.05.31"]
[SourceQuality "1"]
[WhiteTeam "Murmansk CF"]
[BlackTeam "Ile de France Youth"]
[WhiteTeamCountry "RUS"]
[BlackTeamCountry "FRA"]

1. d4 d5 2. Nf3 Nf6 3. c4 e6 4. Nc3 Be7 5. Bg5 0-0 6. e3 b6 7. Bd3 h6 8. Bh4 Bb7 9. cxd5 Nxd5 10. Bxe7 Qxe7 11. 0-0 Nxc3 12. bxc3 Nd7 13. Qe2 Qa3 14. Rfc1 c5 15. Nd2 cxd4 16. cxd4 Rac8 17. Nc4 Qe7 18. a4 e5 19. dxe5 Nxe5 20. Nxe5 Qxe5 21. Ba6 Rxc1+ 22. Rxc1 Ba8 23. Qc2 Qg5 24. Bf1 Bb7 25. Qb3 Qe5 26. Rd1 Bc6 27. Rd4 Qc5 28. Bc4 Qg5 29. Bf1 Rd8 30. Rf4 Bd5 31. Qc2 Bb7 32. Qb3 Qd5 33. Qb4 Qd6 34. Qc4 Bd5 35. Qa6 Qg6 36. Rd4 Qg5 37. Qxa7 Rc8 38. Rd1 Rc6 39. Qd7 Be4 40. Qe8+ Kh7 41. Qxe4+ Rg6 42. Rd6 f5 43. Qc6 Rxd6 44. Qxd6 Qg4 45. Qxb6 Qxa4 46. h3 Qe4 47. Qb5 Qe6 48. Bd3 g6 49. Bc4 Qe7 50. Qd5 Qf8 51. Qf7+ 1-0

[Event "Murmansk ChessMates 4th"]
[Site "Murmansk"]
[Date "2020.03.13"]
[Round "2.3"]
[White "Gherghinoiu, Lucas"]
[Black "Iarovoi, Dmitrii"]
[Result "1-0"]
[WhiteElo "2109"]
[BlackElo "1346"]
[PlyCount "75"]
[EventDate "2020.03.13"]
[EventType "team-tourn"]
[EventRounds "5"]
[EventCountry "RUS"]
[SourceTitle "CBM 195 Extra"]
[Source "ChessBase"]
[SourceDate "2020.05.31"]
[SourceVersion "1"]
[SourceVersionDate "2020.05.31"]
[SourceQuality "1"]
[WhiteTeam "Ile de France Youth"]
[BlackTeam "Ireland Youth"]
[WhiteTeamCountry "FRA"]
[BlackTeamCountry "IRL"]

1. e4 e6 2. d4 d5 3. e5 c5 4. c3 Qb6 5. Nf3 Nc6 6. a3 Nge7 7. b4 cxd4 8. cxd4 Nf5 9. Be3 Bd7 10. Bd3 Nxe3 11. fxe3 Rc8 12. 0-0 h6 13. Nbd2 Be7 14. Nb3 0-0 15. Ra2 a5 16. b5 Nb8 17. a4 Rc3 18. Nc1 Ra3 19. Rxa3 Bxa3 20. Ne2 Rc8 21. Bb1 Bf8 22. h4 h5 23. Qd3 g6 24. Ng5 Be8 25. Nf4 Bg7 26. g4 Bh6 27. gxh5 Bxg5 28. hxg5 Rc7 29. hxg6 fxg6 30. Nxg6 Rf7 31. Rxf7 Bxf7 32. Nf4 Qd8 33. Qh7+ Kf8 34. Qh6+ Ke7 35. g6 Qg8 36. Kf2 Be8 37. Qh7+ Kf8 38. g7+ 1-0

[Event "EU-ch U10 27th"]
[Site "Mamaia"]
[Date "2017.09.12"]
[Round "7"]
[White "Gherghinoiu, Lucas"]
[Black "Ermachenko, Manuel"]
[Result "1-0"]
[WhiteElo "1805"]
[BlackElo "1660"]
[PlyCount "53"]
[EventDate "2017.09.05"]
[EventType "swiss"]
[EventRounds "9"]
[EventCountry "ROU"]
[SourceTitle "CBM 180 Extra"]
[Source "ChessBase"]
[SourceDate "2017.10.06"]
[SourceVersion "1"]
[SourceVersionDate "2017.10.06"]
[SourceQuality "1"]

1. e4 c5 2. Nf3 e6 3. d4 cxd4 4. Nxd4 a6 5. Nc3 Qc7 6. Bd3 Nc6 7. Nxc6 dxc6 8. f4 Nf6 9. 0-0 e5 10. f5 Be7 11. Kh1 b5 12. Qf3 Bb7 13. a4 b4 14. Nd1 c5 15. b3 0-0 16. g4 h6 17. h4 Nh7 18. g5 hxg5 19. hxg5 Qd8 20. Rg1 Bxg5 21. Bxg5 Nxg5 22. Qg4 f6 23. Bc4+ Kh8 24. Qh4+ Nh7 25. Rg2 Qd4 26. Qxh7+ Kxh7 27. Rh2# 1-0

[Event "EU-ch U10 27th"]
[Site "Mamaia"]
[Date "2017.09.05"]
[Round "1"]
[White "Gherghinoiu, Lucas"]
[Black "Candian, Lorenzo"]
[Result "1-0"]
[WhiteElo "1805"]
[BlackElo "1375"]
[PlyCount "53"]
[EventDate "2017.09.05"]
[EventType "swiss"]
[EventRounds "9"]
[EventCountry "ROU"]
[SourceTitle "CBM 180 Extra"]
[Source "ChessBase"]
[SourceDate "2017.10.06"]
[SourceVersion "1"]
[SourceVersionDate "2017.10.06"]
[SourceQuality "1"]

1. e4 e5 2. Nf3 Nc6 3. Bc4 Bc5 4. d3 d6 5. Bb3 h6 6. c3 Bb6 7. 0-0 Nf6 8. Nbd2 Qe7 9. h3 Be6 10. Bc2 0-0-0 11. a4 d5 12. exd5 Nxd5 13. Nc4 Bc5 14. Re1 f6 15. d4 Nxc3 16. bxc3 Bxc4 17. Nd2 Bxd4 18. cxd4 Qb4 19. Rb1 Qc3 20. Bb2 Qb4 21. Ba1 Qf8 22. Nxc4 exd4 23. Bxd4 Rxd4 24. Bf5+ Kb8 25. Rxb7+ Kxb7 26. Qb3+ Ka6 27. Qb5# 1-0

[Event "EU-ch U10 26th"]
[Site "Prague"]
[Date "2016.08.21"]
[Round "4"]
[White "Gherghinoiu, Lucas"]
[Black "Anghel, Iulian Mihai"]
[Result "1/2-1/2"]
[WhiteElo "1573"]
[BlackElo "1777"]
[PlyCount "82"]
[EventDate "2016.08.18"]
[EventType "swiss"]
[EventRounds "9"]
[EventCountry "CZE"]
[SourceTitle "CBM 174 Extra"]
[Source "ChessBase"]
[SourceDate "2016.10.10"]
[SourceVersion "1"]
[SourceVersionDate "2016.10.10"]
[SourceQuality "1"]

1. e4 d6 2. d4 Nf6 3. Bd3 c6 4. c3 Bg4 5. Qb3 Qc7 6. Nd2 e6 7. Ndf3 Bxf3 8. Nxf3 d5 9. e5 Nfd7 10. 0-0 c5 11. Qd1 h6 12. Be3 Nc6 13. Rc1 Qb6 14. Qe2 Be7 15. Bb1 cxd4 16. cxd4 0-0-0 17. Bd3 Kb8 18. Bb5 Rc8 19. Bxc6 Rxc6 20. Rxc6 Qxc6 21. Rc1 Qb6 22. Rc3 Rc8 23. Rxc8+ Kxc8 24. Qc2+ Kb8 25. b3 Nf8 26. h3 Qc6 27. Qd3 Ng6 28. Qd2 Qb5 29. Qc2 Bd8 30. Ne1 Ba5 31. Nd3 Qc6 32. Qxc6 bxc6 33. Nc5 Bc7 34. Kf1 Bb6 35. Na6+ Kb7 36. Nb4 Ne7 37. g4 Bc7 38. Nd3 Kb6 39. Bd2 Kb5 40. a4+ Kb6 41. Bb4 Ng6 1/2-1/2